Loading...
| Literature - American | 3 | 7 | 0 | 0 | 115 | 71 | 103.30 | 1 | 6 | 0.00 | 0.00 |
| Literature - World | 4 | 2 | 2 | 0 | 70 | 54 | 93.67 | 1 | 3 | 0.00 | 0.00 |
| Fine Arts - Painting and Sculpture | 0 | 5 | 1 | 0 | 45 | 94 | 110.40 | 0 | 2 | 0.00 | 0.00 |
| Literature - European | 0 | 4 | 0 | 0 | 40 | 114 | 132.00 | 0 | 2 | 0.00 | 0.00 |
| Science - Physics | 0 | 4 | 0 | 0 | 40 | 122 | 130.00 | 0 | 0 | 0.00 | 0.00 |
| Philosophy | 1 | 2 | 0 | 1 | 35 | 101 | 113.33 | 0 | 0 | 0.00 | 0.00 |
| Other Science (Computer Science) | 1 | 2 | 0 | 0 | 35 | 61 | 84.00 | 1 | 2 | 0.00 | 0.00 |
| Fine Arts - Classical Music and Opera | 1 | 2 | 1 | 0 | 30 | 62 | 123.00 | 0 | 1 | 0.00 | 0.00 |
| Literature - British | 0 | 3 | 1 | 0 | 25 | 91 | 113.00 | 0 | 1 | 0.00 | 0.00 |
| Social Science | 0 | 2 | 0 | 0 | 20 | 104 | 111.50 | 0 | 1 | 0.00 | 0.00 |
| Geography | 0 | 1 | 0 | 0 | 10 | 95 | 95.00 | 0 | 0 | 0.00 | 0.00 |
| Other Science (Math) | 0 | 1 | 0 | 0 | 10 | 138 | 138.00 | 0 | 0 | 0.00 | 0.00 |
| Other Science (Mixed/Any) | 0 | 1 | 0 | 0 | 10 | 141 | 141.00 | 0 | 0 | 0.00 | 0.00 |
| Modern World | 0 | 1 | 0 | 0 | 10 | 93 | 93.00 | 0 | 0 | 0.00 | 0.00 |
| Other Academic | 0 | 1 | 0 | 0 | 10 | 128 | 128.00 | 0 | 0 | 0.00 | 0.00 |
| Mythology | 0 | 1 | 1 | 1 | 5 | 158 | 158.00 | 0 | 0 | 0.00 | 0.00 |
| Religion | 0 | 0 | 0 | 0 | 0 | 0.00 | 0 | 0 | 0.00 | 0.00 | |
| Other Science (Astronomy) | 0 | 0 | 0 | 0 | 0 | 0.00 | 0 | 0 | 0.00 | 0.00 | |
| Science - Biology | 0 | 0 | 0 | 0 | 0 | 0.00 | 0 | 0 | 0.00 | 0.00 | |
| History - Other | 0 | 0 | 1 | 0 | -5 | 0.00 | 0 | 0 | 0.00 | 0.00 | |
| Science - Chemistry | 0 | 0 | 1 | 0 | -5 | 0.00 | 0 | 0 | 0.00 | 0.00 |